ՀՀ Գիտությունների ազգային ակադեմիայի հիմնարար գիտական գրադարան  =   Fundamental Scientific Library of NAS RA

Ани : (Record no. 308364)

MARC details
000 -LEADER
fixed length control field 01238nam a2200253 a 4500
001 - CONTROL NUMBER
control field 000873918
003 - CONTROL NUMBER IDENTIFIER
control field AM-YEHGA
005 - DATE AND TIME OF LATEST TRANSACTION
control field 20260212143329.0
008 - FIXED-LENGTH DATA ELEMENTS--GENERAL INFORMATION
fixed length control field 071102s2011 ai r 000 0 rus d
020 ## - INTERNATIONAL STANDARD BOOK NUMBER
International Standard Book Number 9785808009202
040 ## - CATALOGING SOURCE
Original cataloging agency AM-YeHGA
041 0# - LANGUAGE CODE
Language code of text/sound track or separate title rus
090 ## - LOCALLY ASSIGNED LC-TYPE CALL NUMBER (OCLC); LOCAL CALL NUMBER (RLIN)
-- 310075
100 1# - MAIN ENTRY--PERSONAL NAME
Personal name Մառ, Նիկողայոս Յակովլևիչ,
Dates associated with a name 1864-1934
9 (RLIN) 1006
245 10 - TITLE STATEMENT
Title Ани :
Remainder of title Книжная история города и раскопки на месте городища /
Statement of responsibility, etc. Н. Я. Марр ; НАН РА.
260 ## - PUBLICATION, DISTRIBUTION, ETC.
Place of publication, distribution, etc. Ереван :
Name of publisher, distributor, etc. "Гитутюн" НАН РА,
Date of publication, distribution, etc. 2011.
300 ## - PHYSICAL DESCRIPTION
Extent XX, 133 с. текста :
Other physical details портр., 2 вкл. л. план, 58 вкл. с. ил. ;
Dimensions 32 см.
500 ## - GENERAL NOTE
General note Настоящее изд. является полным воспроизведением книги Н. Я. Марра "Ани", которая вышла в свет в 1934 г. в Ленинграде.
504 ## - BIBLIOGRAPHY, ETC. NOTE
Bibliography, etc. note Библиогр. в разд. "Примеч." : с. 125-133.
650 14 - SUBJECT ADDED ENTRY--TOPICAL TERM
Topical term or geographic name entry element История Армении
9 (RLIN) 5447
650 14 - SUBJECT ADDED ENTRY--TOPICAL TERM
Topical term or geographic name entry element Ани
General subdivision История
-- Раскопки
710 2# - ADDED ENTRY--CORPORATE NAME
Corporate name or jurisdiction name as entry element Национальная Академия наук Республики Армения
942 ## - ADDED ENTRY ELEMENTS (KOHA)
Source of classification or shelving scheme Universal Decimal Classification
Koha item type Գրքեր / Books
Koha issues (borrowed), all copies 1
Holdings
Withdrawn status Lost status Damaged status Not for loan Collection Home library Current library Date acquired Shelving control number Total checkouts Full call number Barcode Date last seen Date last checked out Price effective from Koha item type Public note
        General Fundamental Scientific Library Fundamental Scientific Library 09/01/2017   1 PIII/61188 FL0188407 12/02/2026 12/02/2026 09/01/2017 Գրքեր / Books 30 Days Loan
        General Fundamental Scientific Library Fundamental Scientific Library 09/01/2017     PIII/61189 FL0188408 09/01/2017   09/01/2017 Գրքեր / Books 30 Days Loan
        General Fundamental Scientific Library Fundamental Scientific Library 09/01/2017     PIII/61341 FL0440179 09/01/2017   09/01/2017 Գրքեր / Books 30 Days Loan
        General Fundamental Scientific Library Fundamental Scientific Library 24/10/2022     PIII/61728 FL0676956 24/10/2022   24/10/2022 Գրքեր / Books 30 Days Loan


ՀՀ ԳԱԱ հիմնարար գիտական գրադարան
ՀՀ,Երևան 0019
Մարշալ Բաղրամյան 24/6
հեռախոս:(374-10) 52-47-50
Հետադարձ կապ

All site content, except where otherwise noted, is licensed under a
Creative Commons License